| 000 | 00803nam a2200241Ia 4500 | ||
|---|---|---|---|
| 003 | OSt | ||
| 005 | 20260225120811.0 | ||
| 008 | 210716s2015 xx 000 0 und d | ||
| 020 | _a9789332549845 | ||
| 040 | _cAIMIT LIBRARY | ||
| 041 | _aeng | ||
| 082 |
_a658.3124 _26 _bROBS |
||
| 100 |
_aRobbins,Stephen. _9252384 |
||
| 245 |
_aTraining in inter personal skills: _btips for managing people at work / _cBy Stephen Robbins ; Phillip L Hunsaker. |
||
| 250 | _a6th ed. | ||
| 260 |
_aNew Delhi : _bPearson Education , _c2015. |
||
| 300 |
_a376p. ; _bPB _c23cm. |
||
| 650 |
_aApplying emotional intelligence _9252385 |
||
| 650 |
_aCommunicating across culture _9252386 |
||
| 650 |
_aSetting goals for others _9256710 |
||
| 700 |
_aHunsaker, Phillip L. _9252387 |
||
| 942 |
_2ddc _cBK _e6th _k658.3124 ROBS |
||
| 999 |
_c195432 _d195432 |
||